• 首页
  • 本馆介绍
  • 公告通知
  • 最新文献
  • 馆藏检索
  • 电子资源
  • 读者荐购
  • 参考咨询
  • CALIS
  • 我的图书馆
  • 登录
  • 详细信息显示
  • 放入我的书架
  • 预约/预借图书
  • 作者相关作品
  • 分类相关作品
  • 丛书相关作品
  • 出版社相关作品

书目信息

  • 表格格式
  • 工作单格式
  • 卡片格式
题名:
五月中国震颤之诗
    
 
作者: ;文汇新民联合报业集团新闻信息中心 编选
分册:  
出版信息: 上海   上海文化出版社  2008.06
页数: 190页, [1] 叶图版
开本: 21cm
丛书名:
单 册:
中图分类: I227
科图分类:
主题词: 诗歌--shi ge--中国--当代--作品集 , 地震灾害--di zhen zai hai--概况--四川省--2008
电子资源:
ISBN: 978-7-80740-312-8
 
 
 
 
 
000 01063nam0 2200241 450
001 012009646816
005 20090622175937.84
010    @a978-7-80740-312-8@dCNY20.00
100    @a20090622d2008 em y0chiy0120 ea
101 0  @achi
102    @aCN@b310000
105    @aaf z 000yy
106    @ar
200 1  @a五月中国震颤之诗@Awu yue zhong guo zhen chan zhi shi@f文汇新民联合报业集团新闻信息中心编选@Fwen hui xin min lian he bao ye ji tuan xin wen xin xi zhong xin bian xuan
210    @a上海@c上海文化出版社@d2008.06
215    @a190页, [1] 叶图版@c图@d21cm
330    @a本诗集精选《亲爱的宝贝,妈妈永远爱你》、《站在瓦砾上的总理》、《中国不相信眼泪!》等一百首感人肺腑的诗作。分为“哀悼”、“妈妈”、“孩子”、“老师”、“爷爷”等十个专题。
606 0  @a诗歌@Ashi ge@y中国@z当代@j作品集
606 0  @a地震灾害@Adi zhen zai hai@x概况@y四川省@z2008
690    @aI227@v4
711 02 @a文汇新民联合报业集团新闻信息中心@Awen hui xin min lian he bao ye ji tuan xin wen xin xi zhong xin@4编选
801  0 @aCN@bQSSK@c20090622
905    @b746589-91@dI227@eW631@f3
    
    五月中国震颤之诗/文汇新民联合报业集团新闻信息中心编选.-上海:上海文化出版社,2008.06
    190页, [1] 叶图版:图;21cm
    
    
    ISBN 978-7-80740-312-8:CNY20.00
    本诗集精选《亲爱的宝贝,妈妈永远爱你》、《站在瓦砾上的总理》、《中国不相信眼泪!》等一百首感人肺腑的诗作。分为“哀悼”、“妈妈”、“孩子”、“老师”、“爷爷”等十个专题。
●
相关链接 在E读中查询图书 在当当中查询图书 在豆瓣中查询图书


正题名:五月中国震颤之诗     索取号:I227/W631         预约/预借

序号 登录号 条形码 馆藏地/架位号 状态 备注
1 746589   207465893   社科二线400B/400B社科库 22排2列1层/ [索取号:I227/W631] 在馆    
2 746590   207465900   文学库108/108文学库 18排9列4层/ [索取号:I227/W631] 在馆    
3 746591   207465919   文学库108/108文学库 18排9列4层/ [索取号:I227/W631] 在馆    
河南城建学院图书馆 欢迎您!
大连网信软件有限公司© 版权所有